Ekonomi alam sekitar

Bibliographic Details
Main Author: Pearce, David W. [ (David William)]
Other Authors: Mohamad Salleh
Format: Book
Published: Serdang : Penerbit Universiti Pertanian Malaysia, , 1990
Subjects:

MARC

LEADER 00000cam a2200000 7i4500
001 0000003199
005 20050310.0
020 0 0 |a 9679952576 
090 0 0 |a 333.7   |b PEA 
100 0 0 |a Pearce, David W. [  |q (David William)] 
245 0 0 |a Ekonomi alam sekitar   |c D. W. Pearce ; terjemahan Mohamad Salleh 
260 0 0 |a Serdang :   |b Penerbit Universiti Pertanian Malaysia, ,   |c 1990 
300 |a 195ms. ;   |c 23cm. 
500 0 0 |a Terjemahan dari: Environmental economics. - London: Longman, 1976 
650 0 0 |a Conservation of natural resources 
650 0 0 |a Environmental policy 
650 0 0 |a Pollution \x Economic aspects 
700 0 1 |a Mohamad Salleh 
999 |a 0000006122   |b Monograph   |c Open Shelf   |e Default branch